Statistics for Guess the Taylor Swift Song (no hints) 90

Click here to take the quiz!

General Stats

  • This quiz has been taken 44 times
  • The average score is 381 of 429

Answer Stats

Answer% Correct
I
100%
The
100%
the
100%
a
97%
in
97%
love
97%
me,
97%
me
97%
of
97%
we
97%
We
97%
you
97%
You
97%
Your
97%
your
97%
all
95%
and
95%
And
95%
for
95%
I'm
95%
is
95%
Is
95%
It
95%
it
95%
my
95%
so
95%
So
95%
then
95%
to
95%
when
95%
When
95%
but
92%
But
92%
go
92%
if
92%
made
92%
mind
92%
on
92%
see
92%
that
92%
there
92%
this
92%
were
92%
back
90%
been
90%
night
90%
saw
90%
them
90%
time
90%
why
90%
December
87%
December,
87%
ever
87%
from
87%
glad
87%
had
87%
how
87%
I'd
87%
into
87%
right
87%
think
87%
family?
85%
front
85%
How's
85%
how's
85%
know
85%
left
85%
life,
85%
mine
85%
out
85%
sorry
85%
Standing
85%
was
85%
what
85%
around
82%
busier
82%
can't
82%
die
82%
gave
82%
good,
82%
good
82%
haven't
82%
last
82%
make
82%
miss
82%
missing
82%
nothing
82%
pride
82%
seen
82%
These
82%
turn
82%
up
82%
about
79%
ain't
79%
Because
79%
came,
79%
freedom
79%
guard
79%
saying
79%
skin,
79%
smile,
79%
still
79%
swallowing
79%
sweet
79%
tan
79%
tell
79%
turns
79%
weather
79%
while
79%
You've
79%
again
77%
arms
77%
burned
77%
cry
77%
dark
77%
didn't
77%
held
77%
loved
77%
roses
77%
September
77%
sleeping
77%
small
77%
talk,
77%
times
77%
Wishing
77%
work
77%
beautiful
74%
change
74%
cold
74%
days
74%
goodbye
74%
own
74%
realized
74%
side
74%
swear
74%
thinking
74%
understand
74%
call
72%
door,
72%
dreaming
72%
fall
72%
fear
72%
first
72%
Maybe
72%
mindless
72%
Staying
72%
summer,
72%
birthday
69%
laughing
69%
passed
69%
watched
69%
wishful
69%
chain
67%
crept
67%
myself
67%
passenger
67%
Probably
67%
leaving
64%
playing
64%

Score Distribution

Percentile by Number Answered

Percent of People with Each Score

Your Score History

You have not taken this quiz